[Event "HUN-chT2 Breyer 1112"]
[Site "Hungary"]
[Date "2012.05.20"]
[Round "11.8"]
[White "Tessedik, Karoly"]
[Black "Lajer, Laszlo"]
[Result "1/2-1/2"]
[WhiteElo "1864"]
[BlackElo "1893"]
[PlyCount "60"]
[EventDate "2011.09.25"]
[EventType "team-tourn"]
[EventRounds "11"]
[EventCountry "HUN"]
[SourceTitle "EXT 2013"]
[Source "ChessBase"]
[SourceDate "2012.11.22"]
[SourceVersion "1"]
[SourceVersionDate "2012.11.22"]
[SourceQuality "1"]
[WhiteTeam "Torokbalint"]
[BlackTeam "Gyor Komszomol"]
[WhiteTeamCountry "HUN"]
[BlackTeamCountry "HUN"]

1. d4 Nf6 2. c4 e6 3. Nc3 Bb4 4. e3 c5 5. Nge2 0-0 6. a3 Bxc3+ 7. Nxc3 b6 8. Be2 Bb7 9. Bf3 Bxf3 10. Qxf3 d5 11. 0-0 Na6 12. Rd1 Nc7 13. dxc5 bxc5 14. b4 cxb4 15. axb4 Qb8 16. cxd5 Ncxd5 17. Nxd5 Nxd5 18. Bb2 a5 19. Qg4 g6 20. Qd4 f6 21. Rxa5 Rxa5 22. bxa5 Qb5 23. e4 Nf4 24. Qb6 Qe2 25. Qb3 Qxe4 26. Qf3 Qxf3 27. gxf3 Nd5 28. Ra1 e5 29. a6 Ra8 30. a7 Kf7 1/2-1/2

[Event "HUN-chT2 Breyer 1112"]
[Site "Hungary"]
[Date "2012.05.06"]
[Round "10.9"]
[White "Marosi, Levente"]
[Black "Lajer, Laszlo"]
[Result "1-0"]
[WhiteElo "1932"]
[BlackElo "1893"]
[PlyCount "59"]
[EventDate "2011.09.25"]
[EventType "team-tourn"]
[EventRounds "11"]
[EventCountry "HUN"]
[SourceTitle "EXT 2013"]
[Source "ChessBase"]
[SourceDate "2012.11.22"]
[SourceVersion "1"]
[SourceVersionDate "2012.11.22"]
[SourceQuality "1"]
[WhiteTeam "Geniusz Tata"]
[BlackTeam "Gyor Komszomol"]
[WhiteTeamCountry "HUN"]
[BlackTeamCountry "HUN"]

1. e4 e5 2. Nf3 Nc6 3. Bb5 a6 4. Ba4 Nf6 5. 0-0 Be7 6. Re1 b5 7. Bb3 0-0 8. h3 d6 9. c3 Na5 10. Bc2 c5 11. d4 cxd4 12. cxd4 Qc7 13. Nc3 Bd7 14. Nd5 Nxd5 15. exd5 f6 16. dxe5 dxe5 17. Qd3 g6 18. d6 Bxd6 19. Bh6 Rfe8 20. Nh4 f5 21. Red1 Nb7 22. Bb3+ Be6 23. Nxf5 gxf5 24. Qg3+ Kh8 25. Rxd6 Bxb3 26. Rc6 Qf7 27. axb3 f4 28. Qc3 Re7 29. Raxa6 Rxa6 30. Rc8+ 1-0

[Event "HUN-chT2 Breyer 1011"]
[Site "Hungary"]
[Date "2011.04.17"]
[Round "9.9"]
[White "Fekete, Andras"]
[Black "Lajer, Laszlo"]
[Result "1/2-1/2"]
[WhiteElo "1988"]
[BlackElo "1885"]
[PlyCount "64"]
[EventDate "2010.09.12"]
[EventType "team-tourn"]
[EventRounds "11"]
[EventCountry "HUN"]
[SourceTitle "EXT 2012"]
[Source "ChessBase"]
[SourceDate "2011.11.24"]
[SourceVersion "1"]
[SourceVersionDate "2011.11.24"]
[SourceQuality "1"]
[WhiteTeam "Biatorbagy"]
[BlackTeam "Gyor Komszomol"]
[WhiteTeamCountry "HUN"]
[BlackTeamCountry "HUN"]

1. e4 e5 2. Nf3 Nc6 3. b3 Nf6 4. d3 Bc5 5. Be2 d6 6. 0-0 Bg4 7. c3 Qd7 8. a4 a5 9. Bg5 h6 10. Bxf6 gxf6 11. d4 Bxf3 12. dxc5 Bxe4 13. Nd2 Bg6 14. cxd6 cxd6 15. Nc4 Rd8 16. Nb6 Qf5 17. Nd5 0-0 18. b4 axb4 19. cxb4 Kg7 20. b5 Nd4 21. Rc1 Nxe2+ 22. Qxe2 Qe4 23. Qa2 Rc8 24. h3 Qd4 25. Rfd1 Rxc1 26. Rxc1 Be4 27. Ne3 Qb6 28. Qd2 Rd8 29. Ng4 Rh8 30. Ne3 Rd8 31. Ng4 Rh8 32. Ne3 Rd8 1/2-1/2

[Event "HUN-chT2 Breyer 1011"]
[Site "Hungary"]
[Date "2010.10.10"]
[Round "3.10"]
[White "Szecsi, Peter"]
[Black "Lajer, Laszlo"]
[Result "1/2-1/2"]
[WhiteElo "1818"]
[BlackElo "1885"]
[PlyCount "61"]
[EventDate "2010.09.12"]
[EventType "team-tourn"]
[EventRounds "11"]
[EventCountry "HUN"]
[SourceTitle "EXT 2012"]
[Source "ChessBase"]
[SourceDate "2011.11.24"]
[SourceVersion "1"]
[SourceVersionDate "2011.11.24"]
[SourceQuality "1"]
[WhiteTeam "Szazhalombatta"]
[BlackTeam "Gyor Komszomol"]
[WhiteTeamCountry "HUN"]
[BlackTeamCountry "HUN"]

1. e4 e5 2. Nf3 Nc6 3. Bb5 a6 4. Bxc6 dxc6 5. Nc3 f6 6. d4 Bg4 7. dxe5 Qxd1+ 8. Nxd1 Bxf3 9. gxf3 fxe5 10. Nc3 Nf6 11. a3 0-0-0 12. Bg5 h6 13. Bxf6 gxf6 14. Ke2 Bc5 15. Nd1 Rhg8 16. Ne3 Bxe3 17. Kxe3 Rg2 18. Rag1 Rdg8 19. Rxg2 Rxg2 20. f4 exf4+ 21. Kf3 Rg5 22. Kxf4 Kd7 23. Rd1+ Ke7 24. Kf3 h5 25. h3 Rg8 26. Kf4 Rg2 27. Kf3 Rg5 28. Kf4 Rg2 29. Kf3 Rg5 30. Kf4 Rg8 31. Kf3 1/2-1/2

[Event "HUN-chT2 Breyer 1011"]
[Site "Hungary"]
[Date "2010.09.26"]
[Round "2.10"]
[White "Toth, Tamas"]
[Black "Lajer, Laszlo"]
[Result "1-0"]
[WhiteElo "2004"]
[BlackElo "1885"]
[PlyCount "83"]
[EventDate "2010.09.12"]
[EventType "team-tourn"]
[EventRounds "11"]
[EventCountry "HUN"]
[SourceTitle "EXT 2012"]
[Source "ChessBase"]
[SourceDate "2011.11.24"]
[SourceVersion "1"]
[SourceVersionDate "2011.11.24"]
[SourceQuality "1"]
[WhiteTeam "Turul"]
[BlackTeam "Gyor Komszomol"]
[WhiteTeamCountry "HUN"]
[BlackTeamCountry "HUN"]

1. e4 e6 2. d4 d5 3. Nd2 Nf6 4. e5 Nfd7 5. Ndf3 c5 6. c3 b6 7. Bd3 Ba6 8. Ne2 Be7 9. 0-0 Bxd3 10. Qxd3 c4 11. Qc2 Nc6 12. Be3 b5 13. h3 Nb6 14. Nh2 a5 15. f4 g6 16. g4 h5 17. f5 Bg5 18. Qd2 Bxe3+ 19. Qxe3 gxf5 20. gxf5 Rg8+ 21. Kh1 Qg5 22. Qxg5 Rxg5 23. fxe6 fxe6 24. Rf6 Ke7 25. Raf1 Nd8 26. Nf4 Na4 27. Nf3 Rg3 28. Kh2 Rg8 29. Nh4 b4 30. Nhg6+ Kd7 31. Nf8+ Kc8 32. N8xe6 Nxe6 33. Nxe6 bxc3 34. bxc3 Nxc3 35. Nc5 Nxa2 36. Rc6+ Kd8 37. Rf7 Rb8 38. Nb7+ Ke8 39. Rcc7 Rxb7 40. Rxb7 Nb4 41. e6 Nc6 42. Rbc7 1-0

[Event "HUN-chT2 Breyer 0910"]
[Site "Hungary"]
[Date "2010.04.18"]
[Round "10"]
[White "Marton, Benedek"]
[Black "Lajer, Laszlo"]
[Result "0-1"]
[WhiteElo "1431"]
[BlackElo "1938"]
[PlyCount "54"]
[EventDate "2009.11.08"]
[EventType "team-tourn"]
[EventRounds "11"]
[EventCountry "HUN"]
[SourceTitle "EXT 2011"]
[Source "ChessBase"]
[SourceDate "2010.11.26"]
[SourceVersion "1"]
[SourceVersionDate "2010.11.26"]
[SourceQuality "1"]
[WhiteTeam "BEAC II"]
[BlackTeam "Gyor Komszomol"]
[WhiteTeamCountry "HUN"]
[BlackTeamCountry "HUN"]

1. e4 e5 2. Nf3 Nc6 3. Bc4 d6 4. h3 Be7 5. Nc3 Nf6 6. 0-0 0-0 7. d3 Na5 8. Bb5 a6 9. Ba4 b5 10. Bb3 c6 11. Be3 Nxb3 12. axb3 h6 13. Ne1 d5 14. f4 d4 15. fxe5 Nh7 16. Bxh6 dxc3 17. Bc1 Qd4+ 18. Kh1 cxb2 19. Rb1 bxc1Q 20. Rxc1 Qxe5 21. Nf3 Qh5 22. Qd2 Ng5 23. Nxg5 Bxg5 24. Qd1 Qh4 25. Ra1 Bxh3 26. Kg1 Be3+ 27. Kh1 Bg4# 0-1

[Event "HUN-chT2 Breyer 0809"]
[Site "Hungary"]
[Date "2009.03.08"]
[Round "9"]
[White "Szili, Andras"]
[Black "Lajer, Laszlo"]
[Result "1-0"]
[WhiteElo "1854"]
[BlackElo "1939"]
[PlyCount "35"]
[EventDate "2008.10.26"]
[EventType "tourn"]
[EventRounds "11"]
[EventCountry "HUN"]
[SourceTitle "EXT 2010"]
[Source "ChessBase"]
[SourceDate "2010.11.25"]
[SourceVersion "1"]
[SourceVersionDate "2010.11.25"]
[SourceQuality "1"]
[WhiteTeam "Tatai Honved"]
[BlackTeam "Gyor Komszomol"]
[WhiteTeamCountry "HUN"]
[BlackTeamCountry "HUN"]

1. e4 e5 2. Nf3 Nc6 3. Bc4 Bc5 4. c3 Nf6 5. d4 exd4 6. cxd4 Bb4+ 7. Nc3 Nxe4 8. 0-0 Bxc3 9. d5 Na5 10. Bd3 0-0 11. bxc3 Nc5 12. Bxh7+ Kh8 13. Bc2 d6 14. Ng5 g6 15. Qd4+ Kg8 16. Qh4 Kg7 17. Qh7+ Kf6 18. Qh6 1-0

[Event "HUN-chT2 Breyer 0809"]
[Site "Hungary"]
[Date "2009.01.25"]
[Round "6"]
[White "Lajer, Laszlo"]
[Black "Huszar, Richard"]
[Result "0-1"]
[WhiteElo "1939"]
[BlackElo "2058"]
[PlyCount "86"]
[EventDate "2008.10.26"]
[EventType "tourn"]
[EventRounds "11"]
[EventCountry "HUN"]
[SourceTitle "EXT 2010"]
[Source "ChessBase"]
[SourceDate "2010.11.25"]
[SourceVersion "1"]
[SourceVersionDate "2010.11.25"]
[SourceQuality "1"]
[WhiteTeam "Gyor Komszomol"]
[BlackTeam "Kisber Aszar"]
[WhiteTeamCountry "HUN"]
[BlackTeamCountry "HUN"]

1. e4 e6 2. d4 d5 3. Nd2 Nc6 4. Ngf3 Nf6 5. e5 Nd7 6. Nb3 f6 7. exf6 Qxf6 8. Bg5 Qf7 9. Bd3 Bd6 10. Qe2 0-0 11. Be3 Nf6 12. h3 e5 13. dxe5 Nxe5 14. Nxe5 Bxe5 15. 0-0-0 Re8 16. Qf3 c6 17. Kb1 b6 18. Rhe1 Bb7 19. Bf4 Nd7 20. g3 Bxf4 21. gxf4 Rxe1 22. Rxe1 c5 23. Bb5 Nf6 24. Nd2 a6 25. Bd3 Re8 26. Rxe8+ Qxe8 27. Qe3 Kf8 28. Kc1 Bc8 29. Bf1 Qa4 30. Qe5 Qd7 31. Qb8 Qe6 32. Nf3 Ke7 33. Qc7+ Bd7 34. Ne5 Qf5 35. Nc6+ Kf7 36. Ne5+ Ke8 37. Qb8+ Ke7 38. Qc7 Qxf4+ 39. Kd1 Qxf2 40. Nc6+ Kf7 41. Ne5+ Ke6 42. Bxa6 Qg1+ 43. Kd2 Ne4+ 0-1

[Event "HUN-chT2 Szechenyi 0708"]
[Site "Hungary"]
[Date "2008.04.27"]
[Round "10"]
[White "Becsi, Janos"]
[Black "Lajer, Laszlo"]
[Result "0-1"]
[WhiteElo "1775"]
[BlackElo "1948"]
[PlyCount "52"]
[EventDate "2007.10.14"]
[EventType "team-tourn"]
[EventRounds "11"]
[EventCountry "HUN"]
[SourceTitle "EXT 2009"]
[Source "ChessBase"]
[SourceDate "2008.11.26"]
[SourceVersion "1"]
[SourceVersionDate "2008.11.26"]
[SourceQuality "1"]
[WhiteTeam "Ajka Banyasz"]
[BlackTeam "Gyor Komszomol"]
[WhiteTeamCountry "HUN"]
[BlackTeamCountry "HUN"]

1. e4 e5 2. Nf3 Nc6 3. Bb5 a6 4. Ba4 Nf6 5. 0-0 Be7 6. Re1 b5 7. Bb3 0-0 8. c3 d5 9. exd5 Nxd5 10. Nxe5 Nxe5 11. Rxe5 Nf6 12. d4 Bd6 13. Re1 Ng4 14. g3 Nxh2 15. Kxh2 Qh4+ 16. Kg2 Qh3+ 17. Kg1 Bxg3 18. fxg3 Qxg3+ 19. Kh1 Bg4 20. Qxg4 Qxg4 21. Bd2 Rae8 22. Na3 Re2 23. Rxe2 Qxe2 24. Be1 Re8 25. Nc2 Qf3+ 26. Kg1 Re2 0-1

[Event "HUN-chT2 Szechenyi 0708"]
[Site "Hungary"]
[Date "2008.03.02"]
[Round "7"]
[White "Kiss, Balint"]
[Black "Lajer, Laszlo"]
[Result "0-1"]
[WhiteElo "1457"]
[BlackElo "1948"]
[PlyCount "64"]
[EventDate "2007.10.14"]
[EventType "team-tourn"]
[EventRounds "11"]
[EventCountry "HUN"]
[SourceTitle "EXT 2009"]
[Source "ChessBase"]
[SourceDate "2008.11.26"]
[SourceVersion "1"]
[SourceVersionDate "2008.11.26"]
[SourceQuality "1"]
[WhiteTeam "Arboretum"]
[BlackTeam "Gyor Komszomol"]
[WhiteTeamCountry "HUN"]
[BlackTeamCountry "HUN"]

1. e4 e5 2. Nf3 Nc6 3. d4 exd4 4. Nxd4 Bc5 5. Be3 Qf6 6. c3 Nge7 7. Bc4 Ne5 8. Bb3 Qg6 9. 0-0 d5 10. Kh1 dxe4 11. Nb5 Bb6 12. Bd4 Nd3 13. Qd2 0-0 14. Bc4 a6 15. Bxb6 Qxb6 16. Bxd3 exd3 17. Nd4 c5 18. Nf3 c4 19. Na3 Qc7 20. Rfe1 b5 21. b3 Ng6 22. bxc4 bxc4 23. Re4 Be6 24. Ng5 Bd5 25. Rd4 Qc6 26. f3 Rfe8 27. Re1 Rxe1+ 28. Qxe1 Re8 29. Qb1 h6 30. Nh3 Bxf3 31. Rxc4 Bxg2+ 32. Kg1 Qf3 0-1

[Event "HUN-chT2 Szechenyi 0708"]
[Site "Hungary"]
[Date "2008.02.17"]
[Round "6"]
[White "Lajer, Laszlo"]
[Black "Soos, David"]
[Result "1-0"]
[WhiteElo "1948"]
[BlackElo "1806"]
[PlyCount "87"]
[EventDate "2007.10.14"]
[EventType "team-tourn"]
[EventRounds "11"]
[EventCountry "HUN"]
[SourceTitle "EXT 2009"]
[Source "ChessBase"]
[SourceDate "2008.11.26"]
[SourceVersion "1"]
[SourceVersionDate "2008.11.26"]
[SourceQuality "1"]
[WhiteTeam "Gyor Komszomol"]
[BlackTeam "Peti MTE"]
[WhiteTeamCountry "HUN"]
[BlackTeamCountry "HUN"]

1. e4 c5 2. Nf3 d6 3. d4 cxd4 4. Nxd4 Nf6 5. Nc3 g6 6. Be3 Bg7 7. Qd2 0-0 8. f3 Nc6 9. Be2 a6 10. 0-0-0 Nxd4 11. Bxd4 b5 12. g4 Qa5 13. g5 Ne8 14. Bxg7 Nxg7 15. Kb1 Be6 16. Nd5 Qxd2 17. Nxe7+ Kh8 18. Rxd2 Ra7 19. Nc6 Rc7 20. Nb4 a5 21. Nd5 Bxd5 22. Rxd5 Rc5 23. Rxc5 dxc5 24. Bxb5 Ne6 25. Be2 Nxg5 26. Rd1 Ne6 27. Rd7 Kg7 28. c3 Rd8 29. Rxd8 Nxd8 30. Kc2 Kf6 31. Kd3 Ke5 32. Ke3 g5 33. Bc4 f6 34. Bd5 h6 35. h3 h5 36. a3 h4 37. b3 f5 38. b4 cxb4 39. cxb4 axb4 40. axb4 f4+ 41. Kd3 Kd6 42. Kd4 Nc6+ 43. Bxc6 Kxc6 44. e5 1-0

[Event "HUN-chT2 Szechenyi 0708"]
[Site "Hungary"]
[Date "2007.11.11"]
[Round "2"]
[White "Lajer, Laszlo"]
[Black "Varga, Melinda"]
[Result "1-0"]
[WhiteElo "1948"]
[BlackElo "1484"]
[PlyCount "73"]
[EventDate "2007.10.14"]
[EventType "team-tourn"]
[EventRounds "11"]
[EventCountry "HUN"]
[SourceTitle "EXT 2009"]
[Source "ChessBase"]
[SourceDate "2008.11.26"]
[SourceVersion "1"]
[SourceVersionDate "2008.11.26"]
[SourceQuality "1"]
[WhiteTeam "Gyor Komszomol"]
[BlackTeam "Haladas III"]
[WhiteTeamCountry "HUN"]
[BlackTeamCountry "HUN"]

1. e4 c5 2. Nf3 d6 3. d4 cxd4 4. Nxd4 Nf6 5. Nc3 Nc6 6. Bc4 e6 7. Be3 a6 8. Bb3 Be7 9. Qd2 Qc7 10. f3 0-0 11. 0-0 b5 12. a3 Nxd4 13. Bxd4 Bb7 14. Qf2 Bc6 15. Rad1 Rab8 16. Ne2 Rfd8 17. c3 e5 18. Ba7 Rb7 19. Be3 a5 20. Rc1 Qb8 21. Rfd1 Be8 22. Ng3 Bd7 23. f4 Ng4 24. Qf3 Nxe3 25. Qxe3 h6 26. fxe5 Bg5 27. Qf3 dxe5 28. Qxf7+ Kh8 29. Rb1 Be3+ 30. Kh1 Rf8 31. Qh5 Qa7 32. Qxe5 Bf4 33. Qe7 Qb8 34. Rxd7 Rxd7 35. Qxd7 Bxg3 36. hxg3 Qxg3 37. Qh3 1-0

[Event "HUN-chT2 Szechenyi 0607"]
[Site "Hungary"]
[Date "2007.04.15"]
[Round "8"]
[White "Varga, Tibor"]
[Black "Lajer, Laszlo"]
[Result "1/2-1/2"]
[WhiteElo "2025"]
[BlackElo "1950"]
[PlyCount "111"]
[EventDate "2006.11.12"]
[EventType "team-tourn"]
[EventRounds "11"]
[EventCountry "HUN"]
[SourceTitle "EXT 2008"]
[Source "ChessBase"]
[SourceDate "2007.11.25"]
[SourceVersion "1"]
[SourceVersionDate "2007.11.25"]
[SourceQuality "1"]
[WhiteTeam "Haladas II"]
[BlackTeam "Gyor Komszomol"]
[WhiteTeamCountry "HUN"]
[BlackTeamCountry "HUN"]

1. e4 e5 2. Nf3 Nc6 3. Bb5 a6 4. Bxc6 dxc6 5. h3 f6 6. d4 exd4 7. Qxd4 Qxd4 8. Nxd4 c5 9. Nf5 Bxf5 10. exf5 0-0-0 11. Nc3 Ne7 12. g4 Nd5 13. Nxd5 Rxd5 14. Bd2 Re5+ 15. Be3 Bd6 16. 0-0-0 Re7 17. Rd5 b6 18. Rhd1 Rhe8 19. R5d3 h6 20. c3 Re4 21. Kd2 R4e7 22. a3 a5 23. Kc2 Re4 24. Kd2 R4e7 25. c4 Re4 26. f3 R4e7 27. Rf1 a4 28. f4 Re4 29. Rc3 Kb7 30. Rf3 Kc6 31. Kd3 Kb7 32. h4 R4e7 33. Ke2 Re4 34. Kf2 Kc6 35. Kg2 Kd7 36. Bc1 Re2+ 37. Rf2 R2e4 38. Kf3 R4e7 39. Re3 Rxe3+ 40. Bxe3 Ke7 41. Bd2 Kf7 42. Bc3 Rd8 43. Rd2 Re8 44. Rd1 Rd8 45. Rh1 Be7 46. Ke4 Bd6 47. g5 Re8+ 48. Kf3 Be7 49. Kg4 Bd6 50. Kf3 Be7 51. Rg1 Rg8 52. g6+ Ke8 53. Kg4 Kd7 54. Rd1+ Kc8 55. Re1 Kd7 56. Rd1+ 1/2-1/2

[Event "HUN-chT2 Szechenyi 0506"]
[Site "Hungary"]
[Date "2005.11.27"]
[Round "4"]
[White "Toronyi, David"]
[Black "Lajer, Laszlo"]
[Result "1-0"]
[WhiteElo "2051"]
[BlackElo "1904"]
[PlyCount "61"]
[EventDate "2005.10.16"]
[EventType "team-tourn"]
[EventRounds "11"]
[EventCountry "HUN"]
[SourceTitle "EXT 2009"]
[Source "ChessBase"]
[SourceDate "2008.11.26"]
[SourceVersion "1"]
[SourceVersionDate "2008.11.26"]
[SourceQuality "1"]
[WhiteTeam "Tapolca Varju"]
[BlackTeam "Gyor Komszomol"]
[WhiteTeamCountry "HUN"]
[BlackTeamCountry "HUN"]

1. e4 e5 2. Nf3 Nc6 3. d4 exd4 4. Nxd4 Bc5 5. Nxc6 Qf6 6. Qd2 dxc6 7. Bd3 Ne7 8. 0-0 0-0 9. Qf4 Ng6 10. Qxf6 gxf6 11. Nc3 Be6 12. Na4 Bd6 13. f4 b5 14. Nc3 Bc5+ 15. Kh1 Bd7 16. a4 a6 17. Ne2 Bb6 18. b3 Bg4 19. Bb2 Bxe2 20. Bxe2 Rfe8 21. Bd3 Rad8 22. Bxf6 Rd7 23. Rf3 Bd4 24. Bxd4 Rxd4 25. axb5 axb5 26. g3 Rdd8 27. Ra7 Re7 28. Rf1 Nf8 29. Ra6 Rd6 30. e5 Rh6 31. Bxb5 1-0

[Event "HUN-chT2 Szechenyi 0304"]
[Site "Hungary"]
[Date "2004.02.08"]
[Round "7"]
[White "Lajer, Laszlo"]
[Black "Enzsoly, Miklos"]
[Result "1/2-1/2"]
[WhiteElo "2017"]
[BlackElo "1668"]
[PlyCount "29"]
[EventDate "2003.09.28"]
[EventType "team-tourn"]
[EventRounds "11"]
[EventCountry "HUN"]
[SourceTitle "EXT 2009"]
[Source "ChessBase"]
[SourceDate "2008.11.26"]
[SourceVersion "1"]
[SourceVersionDate "2008.11.26"]
[SourceQuality "1"]
[WhiteTeam "Gyor Vizugy"]
[BlackTeam "Lovo"]
[WhiteTeamCountry "HUN"]
[BlackTeamCountry "HUN"]

1. e4 c5 2. Nf3 Nc6 3. d4 cxd4 4. Nxd4 e5 5. Nb5 a6 6. Nd6+ Bxd6 7. Qxd6 Qf6 8. Qd1 Qg6 9. Nc3 Nge7 10. g3 d5 11. Bg2 dxe4 12. Nxe4 0-0 13. c3 Rd8 14. Qe2 Bf5 15. 0-0 1/2-1/2

[Event "HUN-chT2 Szechenyi 0304"]
[Site "Hungary"]
[Date "2004.01.25"]
[Round "6"]
[White "Foki, Robert"]
[Black "Lajer, Laszlo"]
[Result "0-1"]
[WhiteElo "1815"]
[BlackElo "2017"]
[PlyCount "100"]
[EventDate "2003.09.28"]
[EventType "team-tourn"]
[EventRounds "11"]
[EventCountry "HUN"]
[SourceTitle "EXT 2009"]
[Source "ChessBase"]
[SourceDate "2008.11.26"]
[SourceVersion "1"]
[SourceVersionDate "2008.11.26"]
[SourceQuality "1"]
[WhiteTeam "Arboretum"]
[BlackTeam "Gyor Vizugy"]
[WhiteTeamCountry "HUN"]
[BlackTeamCountry "HUN"]

1. d4 d5 2. c4 e5 3. dxe5 d4 4. Nf3 Nc6 5. Nbd2 Bg4 6. Qb3 Rb8 7. h3 Bxf3 8. Nxf3 Bb4+ 9. Bd2 Bxd2+ 10. Kxd2 Nge7 11. Rd1 Ng6 12. Qb5 0-0 13. Ke1 Re8 14. e3 Ngxe5 15. Nxd4 Nxd4 16. Rxd4 Nf3+ 17. gxf3 Qxd4 18. Be2 Qd6 19. c5 Qd5 20. Qc4 Qg5 21. Kf1 Rbd8 22. Rg1 Qf5 23. Rg3 Qb1+ 24. Kg2 Qxb2 25. Bd3 Qe5 26. h4 Re6 27. Rg5 Qf6 28. Rg4 Kf8 29. Qc2 h6 30. Bc4 Rc6 31. Rf4 Qg6+ 32. Qxg6 Rxg6+ 33. Kh3 Rd7 34. Bb3 c6 35. Ra4 a6 36. Rf4 Rf6 37. Kg4 Rxf4+ 38. Kxf4 Rd2 39. Kg3 Rd3 40. f4 Rc3 41. Kf3 Rxc5 42. e4 Rc3+ 43. Kg4 Ke7 44. e5 b5 45. f5 a5 46. Kh5 Rh3 47. e6 Rxb3 48. axb3 a4 49. bxa4 bxa4 50. f6+ Kxf6 0-1

[Event "HUN-chT2 Szechenyi 0304"]
[Site "Hungary"]
[Date "2003.10.05"]
[Round "2"]
[White "Takacs, Tamas"]
[Black "Lajer, Laszlo"]
[Result "1-0"]
[WhiteElo "2028"]
[BlackElo "2017"]
[PlyCount "111"]
[EventDate "2003.09.28"]
[EventType "team-tourn"]
[EventRounds "11"]
[EventCountry "HUN"]
[SourceTitle "EXT 2009"]
[Source "ChessBase"]
[SourceDate "2008.11.26"]
[SourceVersion "1"]
[SourceVersionDate "2008.11.26"]
[SourceQuality "1"]
[WhiteTeam "Sarvar"]
[BlackTeam "Gyor Vizugy"]
[WhiteTeamCountry "HUN"]
[BlackTeamCountry "HUN"]

1. e4 e5 2. Nf3 Nc6 3. Bb5 a6 4. Ba4 Nf6 5. 0-0 Nxe4 6. d4 b5 7. Bb3 d5 8. dxe5 Be6 9. Nbd2 Nc5 10. Re1 Be7 11. Nf1 0-0 12. Bf4 Qd7 13. h3 Na5 14. Ne3 c6 15. Nd4 Nc4 16. Bxc4 bxc4 17. Bh2 Ne4 18. f3 Nc5 19. f4 f5 20. g4 g6 21. gxf5 gxf5 22. Qh5 Kh8 23. Kh1 Ne4 24. Re2 c5 25. Nxe6 Qxe6 26. Rg1 d4 27. Nxf5 Rxf5 28. Qf3 Rd8 29. Qxe4 d3 30. Rd2 Rh5 31. Qg2 Qd5 32. Qxd5 Rxd5 33. Rg3 Rf5 34. Re3 dxc2 35. Rxc2 Rd4 36. Ra3 Rh5 37. Kg2 Rd3 38. Rxd3 cxd3 39. Rc3 Rh6 40. Rxd3 Rg6+ 41. Rg3 Rb6 42. b3 a5 43. f5 a4 44. Rf3 axb3 45. axb3 Kg8 46. Bg3 Ra6 47. Re3 Bg5 48. Rc3 Be7 49. Bf2 Rb6 50. f6 Bf8 51. Bxc5 Bxc5 52. Rxc5 Rxb3 53. e6 Rb8 54. Rc7 h6 55. Rd7 Rb6 56. Rd8+ 1-0

[Event "HUN-chT2 Szechenyi 0304"]
[Site "Hungary"]
[Date "2003.09.28"]
[Round "1"]
[White "Nemeth, Jozsef"]
[Black "Lajer, Laszlo"]
[Result "1-0"]
[WhiteElo "2073"]
[BlackElo "2017"]
[PlyCount "119"]
[EventDate "2003.09.28"]
[EventType "team-tourn"]
[EventRounds "11"]
[EventCountry "HUN"]
[SourceTitle "EXT 2009"]
[Source "ChessBase"]
[SourceDate "2008.11.26"]
[SourceVersion "1"]
[SourceVersionDate "2008.11.26"]
[SourceQuality "1"]
[WhiteTeam "Zala Volan"]
[BlackTeam "Gyor Vizugy"]
[WhiteTeamCountry "HUN"]
[BlackTeamCountry "HUN"]

1. d4 Nf6 2. c4 e6 3. Nc3 Bb4 4. Qc2 c5 5. dxc5 Bxc5 6. Nf3 Nc6 7. Bg5 h6 8. Bh4 b6 9. a3 Bb7 10. e3 Be7 11. Be2 Nh5 12. Bxe7 Qxe7 13. 0-0 0-0 14. Rfd1 Nf6 15. b4 Rfd8 16. e4 d6 17. Rd2 Rac8 18. Rad1 Ng4 19. Qb3 Nge5 20. Nb5 Nxf3+ 21. Bxf3 d5 22. cxd5 Ne5 23. Nxa7 Ra8 24. Nb5 Qg5 25. h3 Ba6 26. Be2 Ng6 27. a4 Nf4 28. Qg3 Qxg3 29. fxg3 Nxe2+ 30. Rxe2 exd5 31. exd5 Rac8 32. Re4 Bxb5 33. axb5 Rc3 34. Kf2 Kf8 35. g4 Rd6 36. Ra1 Rc2+ 37. Ke3 g6 38. Ra8+ Kg7 39. Rd4 Rxg2 40. Kf3 Rc2 41. Ra3 Rc1 42. Ke4 Re1+ 43. Re3 Rxe3+ 44. Kxe3 f5 45. gxf5 gxf5 46. Rd1 Kf6 47. Kd4 Rd8 48. Rc1 Rf8 49. Rc6+ Kg5 50. d6 f4 51. Kd5 f3 52. Rc1 Re8 53. d7 Rd8 54. Kd6 Kf4 55. Kc7 Rg8 56. d8Q Rxd8 57. Kxd8 Kg3 58. Kc7 Kxh3 59. Rh1+ Kg2 60. Rxh6 1-0

[Event "HUN-chT2 Szechenyi 0203"]
[Site "Hungary"]
[Date "2003.03.02"]
[Round "8"]
[White "Bodorkos, Ferenc"]
[Black "Lajer, Laszlo"]
[Result "0-1"]
[WhiteElo "1825"]
[BlackElo "2038"]
[PlyCount "44"]
[EventDate "2002.09.22"]
[EventType "team-tourn"]
[EventRounds "11"]
[EventCountry "HUN"]
[SourceTitle "EXT 2009"]
[Source "ChessBase"]
[SourceDate "2008.11.26"]
[SourceVersion "1"]
[SourceVersionDate "2008.11.26"]
[SourceQuality "1"]

1. d4 d5 2. c4 e5 3. dxe5 d4 4. h4 h6 5. a3 Nc6 6. f4 Nge7 7. e3 Nf5 8. Nf3 Ng3 9. Rh2 Bg4 10. Qd3 Bxf3 11. gxf3 Be7 12. h5 Bh4 13. Bg2 Ne4+ 14. Ke2 Nc5 15. Qd1 a5 16. a4 Be7 17. Kf2 dxe3+ 18. Ke1 Nd3+ 19. Kf1 Nxc1 20. Qxc1 Qd3+ 21. Ke1 Nd4 22. Bf1 Nxf3# 0-1

[Event "HUN-chT2 Szechenyi 0203"]
[Site "Hungary"]
[Date "2003.02.02"]
[Round "6"]
[White "Lajer, Laszlo"]
[Black "Bauer, Attila"]
[Result "1/2-1/2"]
[WhiteElo "2038"]
[BlackElo "1894"]
[PlyCount "74"]
[EventDate "2002.09.22"]
[EventType "team-tourn"]
[EventRounds "11"]
[EventCountry "HUN"]
[SourceTitle "EXT 2009"]
[Source "ChessBase"]
[SourceDate "2008.11.26"]
[SourceVersion "1"]
[SourceVersionDate "2008.11.26"]
[SourceQuality "1"]

1. e4 e6 2. d4 d5 3. Nd2 dxe4 4. Nxe4 Nd7 5. Nf3 Ngf6 6. Nxf6+ Nxf6 7. Bd3 Be7 8. 0-0 0-0 9. Ne5 c5 10. dxc5 Bxc5 11. Bg5 Be7 12. Qe2 Qc7 13. Rad1 Rd8 14. Kh1 Rb8 15. f4 h6 16. Bxf6 Bxf6 17. Qe4 g6 18. Rf3 b6 19. Rg3 Bb7 20. Qe2 Bg7 21. Re1 Bc8 22. Qg4 Rd5 23. Rge3 Rd4 24. Qg3 Bb7 25. Qf2 Rbd8 26. Rg3 Bc6 27. Rge3 Be8 28. h4 Qe7 29. g3 h5 30. Kh2 Qc7 31. Nf3 R4d6 32. Ne5 Rd4 33. b3 Qc5 34. Qf3 Qa3 35. Nc4 Qb4 36. Bxg6 fxg6 37. c3 Rd2+ 1/2-1/2